Normal view
MARC view
- García González, Enrique
Entry Nombre Personal
001 - NUMERO DE CONTROL
- campo de control: 30743
003 - IDENTIFICADOR DE NUMERO DE CONTROL
- campo de control: UPN
005 - FECHA Y HORA DE LA ÜLTIMA TRANSACCIÓN
- campo de control: 20220215110923.0
008 - DATOS DE LONGITUD FIJA
- campo de control de longitud fija: nabaccnnaabn|||||||||| b |nc|||||d
035 ## - NUMERO DE CONTROL
- Número de control: UPN11000002849
040 ## - FUENTE DE CATALOGACIÓN
- Agencia original de catalogación: MX-MxUPN
- Lenguaje de catalogación: spa
- Agencia de transcripción: MX-MxUPN
100 1# - ENCABEZAMIENTO - NOMBRE PERSONAL
- Nombre personal: García González, Enrique
400 1# - VEÁSE - NOMBRE DE PERSONA
- Personal name: García G., Enrique
670 ## - FUENTE EN LA QUE SE LOCALIZARON DATOS
- Cita de la fuente: El maestro y los métodos de enseñanza, 1972:
- Información localizada: portada (Enrique García González)
670 ## - FUENTE EN LA QUE SE LOCALIZARON DATOS
- Cita de la fuente: Introducción a la psicología, 1974:
- Información localizada: portada (Enrique García G.)
902 ## - CATALOGADOR
- Catalogador: CAA/010211
